Leksikon ʻIvri-Romani : (Record no. 31674)

MARC details
000 -LEADER
fixed length control field 00765cam a22002411 4500
001 - CONTROL NUMBER
control field he 66000714
003 - CONTROL NUMBER IDENTIFIER
control field DLC
005 - DATE AND TIME OF LATEST TRANSACTION
control field 20260227111438.0
008 - FIXED-LENGTH DATA ELEMENTS--GENERAL INFORMATION
fixed length control field 840508s1965 is 000 0 heb
010 ## - LIBRARY OF CONGRESS CONTROL NUMBER
LC control number he 66000714
035 ## - SYSTEM CONTROL NUMBER
System control number (OCoLC)19146001
040 ## - CATALOGING SOURCE
Original cataloging agency DLC
Transcribing agency MH
Modifying agency DLC
042 ## - AUTHENTICATION CODE
Authentication code premarc
050 00 - LIBRARY OF CONGRESS CALL NUMBER
Classification number PJ4835.R8
Item number L4
100 1# - MAIN ENTRY--PERSONAL NAME
Personal name Levanon, M.
245 10 - TITLE STATEMENT
Title Leksikon ʻIvri-Romani :
Remainder of title le-nivim, tserufe lashon, pitgamim, imrot u-munaḥim shimushiyim /
Statement of responsibility, etc. [me-et] M. Levanon [ṿe]-Y. Liʼel.
260 ## - PUBLICATION, DISTRIBUTION, ETC.
Place of publication, distribution, etc. [Tel Aviv] :
Name of publisher, distributor, etc. [M. Levanon],
Date of publication, distribution, etc. [1965]
300 ## - PHYSICAL DESCRIPTION
Extent 366 p. ;
Dimensions 17 cm.
500 ## - GENERAL NOTE
General note Added t.p.: Lexicon ebraic-romîn.
650 #0 - SUBJECT ADDED ENTRY--TOPICAL TERM
Topical term or geographic name entry element Hebrew language
General subdivision Dictionaries
-- Romanian.
700 1# - ADDED ENTRY--PERSONAL NAME
Personal name Liel, I.,
Relator term joint author.
752 ## - ADDED ENTRY--HIERARCHICAL PLACE NAME
Country or larger entity Israel
City Tel Aviv

No items available.

Powered by Koha